000 00487nam a2200181Ia 4500
005 20250508150308.0
008 008 250505s9999 xx 000 0 eng d
037 _aTextual
040 _aFEDL
_beng
_cFEDL
041 _aeng
_2eng
084 _a401, PAR
_qFEDL
100 _aPartridge Eric
245 0 _aWorld of words
260 _aBroadway House
_bGeorge Routledge and Sons Limited
_c1938
300 _a354p.
942 _cTEXL
_h401, PAR
999 _c1322856
_d1322856